[Event "Stay Safe Play From Home 359"]
[Site "Emanuel Lasker Arena"]
[Date "2020.08.05"]
[Round "6"]
[White "Lamborghini"]
[Black "SoulofWolf"]
[Result "0-1"]
[WhiteElo "2314"]
[BlackElo "2219"]
[Annotator "TA"]
[PlyCount "120"]
[EventDate "2020.08.05"]
[EventType "swiss (blitz)"]

{[%evp 9,120,45,63,59,124,97,100,91,93,70,82,69,79,80,91,102,109,104,140,85,93,102,100,92,119,62,138,132,132,141,140,138,144,70,120,48,50,61,93,75,87,103,114,33,102,100,89,9,10,-8,2,17,101,47,141,29,331,80,103,40,42,16,59,59,81,76,1037,980,915,-357,-350,-330,0,-2893,-2136,-2344,-2733,-29937,-29966,-29979,5461,643,546,-825,-813,-29991,-772,-29990,-143,-648,-291,-277,12837,-263,1201,-1478,12833,-109,-87,-29982,-29983,-29983,-29984,-29983,-12844,-12845,-12843,-29986,-29987,-29988,-29984,-29986,-29987]} 1. e4 d5 2. exd5 Nf6 3. Nf3 Nxd5 4. d4 g6 5. Bc4 e6 6. O-O {[#] B01: Scandinavian Defence.} Be7 $146 (6... Bg7 $14) ({Predecessor:} 6... Bg7 7. Nbd2 O-O 8. Ne4 Nd7 9. c3 b6 10. Qe2 Bb7 11. Ba6 Qc8 12. Bxb7 Qxb7 {1-0 (32) De Moura,S (2116)-Mandici,F (1887) Garanhuns 2014}) 7. Qe2 O-O 8. Bh6 {White is better.} Re8 9. Rd1 Bf6 10. c3 Nd7 11. Nbd2 N7b6 12. Bb3 a5 {intending ...a4.} 13. Ne4 Bh8 14. a4 (14. a3 $142) 14... Bg7 15. Bg5 f6 16. Bh4 g5 17. Bg3 (17. Nfxg5 $16 {And now Nh3 would win.} fxg5 18. Bxg5) 17... h6 ({Black should play} 17... g4 $1 $14) 18. Nc5 f5 19. Be5 g4 20. Nd2 Qg5 21. f4 (21. Bxg7 $16 Qxg7 22. Re1) 21... Qg6 22. Nc4 (22. Qf2 $16) 22... Nxc4 $14 23. Bxc4 ({Don't play} 23. Qxc4 Bxe5 24. dxe5 Ne3 $15) 23... c6 24. Nd3 h5 25. Bxg7 Kxg7 26. Ne5 ({White should try} 26. Ra3 $16) 26... Qh6 (26... Nxf4 $14 27. Qc2 Qh6) 27. Bxd5 $16 exd5 28. h4 (28. Qf2 $16) 28... Qxf4 $11 29. Rf1 $132 {[%mdl 2048] White has counterplay} Qh6 30. Rae1 Be6 (30... b6 $11 {remains equal.}) 31. g3 (31. Qf2 $1 $16) 31... Rf8 {[#]} ({Better is} 31... Rad8 $14) 32. Rf4 (32. Nd3 $1 $16 Rfe8 33. Qe5+ Qf6 34. Qd6) 32... Rf7 $2 {[%mdl 8192]} (32... Rae8 $11 {and Black is okay.}) 33. Ref1 $2 (33. Nxf7 $18 {is the precise move to win.} Kxf7 34. Qe5) 33... Rf6 34. Qe3 (34. Qd1 $16) 34... Raf8 35. b4 Bc8 36. bxa5 Qh8 37. a6 Qg8 $2 {[%mdl 8192]} (37... bxa6 $16 38. a5 Qh6) 38. a7 $18 Be6 39. Nxc6 $4 {[%mdl 8192]} (39. Rb1 $18 b5 40. Nxc6) 39... bxc6 $19 40. Qe5 {[#] Hoping for Rb1.} Kg6 $2 ({Don't blunder} 40... Qf7 $2 41. Qb8 $18) (40... Ra8 $1 $19 41. Rb1 Rxa7) 41. Rxf5 $2 {[%mdl 8192]} (41. Rb1 $11 Ra8 42. Rb8) 41... Bxf5 42. Qf4 Qf7 43. Qg5+ Kh7 44. a8=Q Qg6 $4 {[%mdl 8192]} (44... Rxa8 {and all is fine.} 45. Qf4 Rxa4 46. Qf2 Rc4 47. Qe3 Be4 48. Qe1 Rxf1+ 49. Qxf1 Qxf1+ 50. Kxf1 Rxc3 51. Kf2 Rd3 52. Ke1 Rxg3 53. Kd2 Rd3+ {[%mdl 64] Double Attack} 54. Kc1 g3 55. Kb2 g2 56. Kc2 g1=Q 57. Kb2 Rh3 58. Ka2 Qb1#) 45. Qxg6+ $18 Kxg6 46. Qxf8 $4 {[%mdl 8192]} (46. Qb7 $18) 46... Rxf8 {[%mdl 4096] Endgame KRB-KR} 47. Rb1 Rf7 (47... Bxb1 $142 48. Kg2 Bd3 49. Kg1 Kf5 50. Kg2 Rb8 51. Kf2 Rb2+ 52. Kg1 Ke4 53. Kh1 Kf3 54. a5 Kxg3 55. Kg1 Rb1#) 48. a5 Rf6 $2 (48... Bxb1 {mates} 49. a6 Bd3 50. Kg2 Kf5 51. c4 Ke4 52. cxd5 Ke3 53. Kh1 Rf1+ 54. Kg2 Re1 55. Kh2 Be4 56. dxc6 Rh1#) 49. Rb2 $2 {[%mdl 8192]} (49. Ra1 $17) 49... Be4 (49... Bd3 $142 {...Rf3 is the strong threat.} 50. Rb6 Bb5) 50. a6 $19 {Threatens to win with a7.} Kf5 $4 {[%mdl 8192]} (50... Rf8 $19 51. Ra2 Ra8) 51. Kf2 $4 {[%mdl 8192]} (51. a7 $18 {was the only winning move.} Rf8 52. Rb8 Rxb8 53. axb8=Q) 51... Bd3 $4 {[%mdl 8192]} (51... Rf8 $19 52. Ke3 Ra8) 52. Ke3 $4 {[%mdl 8192]} (52. a7 $18) 52... Be4 $4 {[%mdl 8192]} (52... Bxa6 $19 53. Ra2 Re6+ 54. Kf2 Bc4) 53. Rf2+ $2 (53. a7 $18 Ke6 54. a8=Q Rf3+ 55. Ke2 Bd3+ 56. Kd2) 53... Bf3 $1 $17 {Strongly threatening ...Rf7.} 54. Rxf3+ $2 {[%mdl 8192]} (54. a7 $17 Re6+ 55. Kd3) 54... gxf3 55. Kxf3 {KR-KP} Re6 56. Kg2 Re4 (56... Re2+ $142 57. Kf3 Ra2 58. Ke3 Kg4 59. Kd3 Rxa6 60. c4 Ra3+ 61. Kc2 Rxg3 62. Kd2 Kxh4 63. Kc2 Kg4 64. Kd2 h4 65. cxd5 cxd5 66. Kd1 h3 67. Kd2 h2 68. Ke2 h1=Q 69. Kf2 Qh2+ 70. Kf1 Rg1#) 57. Kh3 Kf6 58. g4 Rxg4 {Black mates.} 59. Kh2 Re4 60. Kh3 Re3+ {[%mdl 64] Double Attack. Accuracy: White = 34%, Black = 33%.} 0-1

[Event "Stay Safe Play From Home 359"]
[Site "Emanuel Lasker Arena"]
[Date "2020.08.05"]
[Round "6"]
[White "TheCHESSHOUSE"]
[Black "BrainThinker22"]
[Result "0-1"]
[WhiteElo "2063"]
[BlackElo "2326"]
[Annotator "NA RC"]
[PlyCount "66"]
[EventDate "2020.08.05"]
[EventType "swiss (blitz)"]

1. d4 {[%emt 0:00:02]} d5 {[%emt 0:00:02]} 2. c4 {[%emt 0:00:00]} e6 {[%emt 0:00:01]} 3. cxd5 {[%emt 0:00:00]} exd5 {[%emt 0:00:00]} 4. Nc3 {[%emt 0:00:00]} c5 {[%emt 0:00:00]} 5. dxc5 {[%emt 0:00:01]} d4 {[%emt 0:00:00]} 6. Nb5 {[%emt 0:00:01]} Qa5+ {[%emt 0:00:04]} 7. Bd2 {[%emt 0:00:03]} Qxb5 {[%emt 0:00:01]} 8. Nf3 {[%emt 0:00:01]} Bxc5 {[%emt 0:00:04]} 9. a4 {[%emt 0:00:03]} Qb6 {[%emt 0:00:02]} 10. Qc2 {[%emt 0:00:01]} Nc6 {[%emt 0:00:04]} 11. a5 {[%emt 0:00:02]} Nb4 {[%emt 0:00:04]} 12. Qe4+ {[%emt 0:00:02]} Qe6 {[%emt 0:00:01]} 13. Qxe6+ {[%emt 0:00:03]} Bxe6 {[%emt 0:00:00]} 14. O-O-O {[%emt 0:00:04]} Rc8 {[%emt 0:00:04]} 15. Bxb4 {[%emt 0:00:06]} Bxb4+ {[%emt 0:00:02]} 16. Kb1 {[%emt 0:00:00]} Bf5+ {[%emt 0:00:01]} 17. Ka1 {[%emt 0:00:01]} Ne7 {[%emt 0:00:01]} 18. Nxd4 {[%emt 0:00:01]} O-O {[%emt 0:00:01]} 19. e3 {[%emt 0:00:00]} Bxa5 {[%emt 0:00:03]} 20. Bb5 {[%emt 0:00:04]} a6 {[%emt 0:00:02]} 21. Ba4 {[%emt 0:00:01]} b5 {[%emt 0:00:02]} 22. Bb3 {[%emt 0:00:00]} Bg6 {[%emt 0:00:03]} 23. h4 {[%emt 0:00:01]} Nc6 {[%emt 0:00:01]} 24. h5 {[%emt 0:00:02]} Nxd4 {[%emt 0:00:02]} 25. exd4 {[%emt 0:00:02]} Bc2 {[%emt 0:00:01]} 26. Bxc2 {[%emt 0:00:01]} Rxc2 {[%emt 0:00:00]} 27. f3 {[%emt 0:00:00]} h6 {[%emt 0:00:01]} 28. d5 {[%emt 0:00:01]} Rd8 {[%emt 0:00:01]} 29. d6 {[%emt 0:00:00]} Rc6 {[%emt 0:00:01]} 30. d7 {[%emt 0:00:01]} Rc7 {[%emt 0:00:00]} 31. Rhe1 {[%emt 0:00:00]} Rcxd7 {[%emt 0:00:01]} 32. Rc1 {[%emt 0:00:01]} Bxe1 {[%emt 0:00:02]} 33. Rxe1 {[%emt 0:00:00]} Rd1+ {[%emt 0:00:00] TheCHESSHOUSE resigns TheCHESSHOUSE resigns TheCHESSHOUSE resigns TheCHESSHOUSE resigns TheCHESSHOUSE resigns (Lag: Av=0.70s, max=1.1s) (Lag: Av=0.70s, max=1.1s) (Lag: Av=0.70s, max=1.1s) (Lag: Av=0.70s, max=1.1s) (Lag: Av=0.70s, max=1.1s)} 0-1

[Event "Stay Safe Play From Home 359"]
[Site "Emanuel Lasker Arena"]
[Date "2020.08.05"]
[Round "6"]
[White "Lazieri3"]
[Black "James Harcourt"]
[Result "1-0"]
[WhiteElo "2054"]
[BlackElo "1296"]
[Annotator "TA"]
[PlyCount "55"]
[EventDate "2020.08.05"]
[EventType "swiss (blitz)"]

{[%evp 9,54,110,503,506,534,537,538,543,526,493,519,507,516,489,548,489,502,475,509,511,590,604,647,598,625,543,535,531,560,525,678,668,672,571,843,841,814,791,1404,1342,1456,1431,29997,29990,29998,29999,29999]} 1. g3 e5 2. Bg2 Nf6 3. f4 ({Predecessor:} 3. d3 d5 4. Nf3 Bd6 5. O-O O-O 6. Nc3 c6 7. e4 dxe4 8. Nxe4 Nxe4 9. dxe4 h6 10. Qe2 Qe7 11. a4 a5 12. Rd1 Bg4 13. h3 Bxf3 14. Bxf3 Na6 15. h4 Rfd8 16. Kg2 Bc5 17. Bd2 {½-½ (50) Lagarde,M (2651)-Narayanan,S (2535) chess.com INT 2020}) 3... Bc5 4. fxe5 Ng4 5. Nh3 Nf2 $2 {[%mdl 8192] [#]} (5... Bb6 $16 {is tougher.}) 6. Nxf2 $18 {A00: Irregular Openings.} Bxf2+ 7. Kxf2 f6 8. exf6 {White is clearly winning.} Qxf6+ 9. Bf3 O-O 10. Kg2 d6 11. Nc3 {[%cal Bb1c3,Bc3e4,Be4c5][%mdl 32]} Be6 12. Ne4 Qe7 13. Rf1 Nc6 14. d4 d5 15. Nc5 Nd8 16. Bf4 c6 17. Nxe6 Nxe6 18. Be5 Rae8 19. e4 Ng5 20. exd5 Nxf3 21. Rxf3 Rxf3 22. Qxf3 cxd5 23. Qxd5+ Kh8 24. Rf1 Rd8 {[#]} 25. Rf7 $1 {[%mdl 64] Double Attack} Qe8 26. Bxg7+ {White mates.} Kg8 27. Rd7+ {[%mdl 64] Discovered Attack} Qf7 28. Qxf7# 1-0

[Event "Stay Safe Play From Home 359"]
[Site "Emanuel Lasker Arena"]
[Date "2020.08.05"]
[Round "6"]
[White "Buzaglo"]
[Black "SelamiSahin"]
[Result "0-1"]
[WhiteElo "1855"]
[BlackElo "2157"]
[Annotator "TA"]
[PlyCount "106"]
[EventDate "2020.08.05"]
[EventType "swiss (blitz)"]

{[%evp 13,105,19,24,-38,-39,-37,-23,-33,148,149,145,62,105,97,131,-133,-122,-153,172,164,249,78,84,76,90,77,91,93,89,93,288,-17,170,59,53,77,67,0,0,0,15,15,15,15,15,0,0,0,0,-2,10,10,8,-58,20,-24,-4,-43,-50,-442,-439,-509,-452,-29983,-29985,-29985,-29986,-29985,-29986,-29987,-29988,-29988,-29989,-29989,-29990,-29991,-29991,-29992,-29992,-29994,-29993,-29995,-29994,-29996,-29997,-29997,-29997,-29997,-29998,-29998,-29997,-29998,-29999,-29999]} 1. d4 c6 2. Nf3 d5 3. g3 g6 4. Bg2 Bg7 5. O-O Nf6 6. Nbd2 O-O 7. c4 e6 {7...a5 is a critical line.} 8. cxd5 {D78: Fianchetto Grünfeld: 6 0-0 c6.} (8. e3 $11) 8... exd5 $15 {[#]} 9. Re1 $146 ({Predecessor:} 9. Nb3 Nbd7 10. Bf4 Ne4 11. Nfd2 f5 12. f3 Nxd2 13. Qxd2 Qe7 14. Rfe1 Re8 15. Bf1 Nb6 {1-0 (40) Morgan,J-Donoso Solzona,F Dos Hermanas 2003}) 9... Bf5 10. Nh4 {Black has an edge.} Re8 $2 (10... Be6 $15) 11. Nxf5 $16 gxf5 12. f3 (12. Nf3 $16) 12... Qb6 13. Nb3 Nbd7 14. e4 $2 {[%mdl 8192]} (14. a4 $16 {keeps the pressure on.}) 14... a5 $17 {[%cal Rf5e4]} 15. e5 {[#]} Nh5 $2 (15... Nxe5 $1 $17 {and life is bright. And now ...Nfd7 would win.} 16. Bd2 Nc4) 16. f4 $18 a4 (16... Nhf6 $142 17. exf6 Nxf6 18. Rxe8+ Rxe8) 17. Nd2 $2 (17. Nc5 $1 $18 {[%cal Rc5d7] and the rest is easy.} Nhf6 18. exf6 Rxe1+ 19. Qxe1 Nxf6 20. b3) 17... Qxd4+ 18. Kh1 Nxf4 19. gxf4 Qxf4 20. Nf3 Qg4 {[%cal Rd7e5] [#]} 21. Rg1 $1 Kh8 $2 (21... Nxe5 $16 {was called for.} 22. Bh6 Ng6) 22. Ng5 $2 (22. Bf1 $18 Qb4 23. Bd3 Nxe5 24. Bxf5) 22... Rf8 $2 (22... Qxd1 $11 23. Rxd1 Nxe5) 23. Qxg4 (23. Bf3 $18 Qb4 24. Bd2) 23... fxg4 $14 24. e6 Ne5 25. Bf4 (25. exf7 $1 $14 h6 26. Ne6 Rxf7 27. Nxg7 Kxg7 28. Be3) 25... fxe6 26. Nxe6 {Threatens to win with Bxe5.} Rf6 27. Bxe5 Rxe6 28. Bxg7+ Kxg7 29. Rae1 Rae8 30. Rxe6 Rxe6 $11 {[%mdl 4096] Endgame KRB-KR} 31. h3 h5 32. hxg4 hxg4 {Hoping for ...Rh6+.} 33. Kh2 (33. Bh3 $11) 33... Kg6 ({Black should play} 33... Re2 $15 34. Rb1 Kg6) 34. Kg3 (34. Bf3 $5) 34... Kg5 35. Rf1 Re2 36. Rf7 $2 {[%mdl 8192] Black converts the advantage convincingly.} (36. Rb1 $15) 36... Rxb2 $19 37. Rg7+ Kf5 38. Rxg4 {[#]} (38. a3 $19 Rb3+ {[%mdl 64] Double Attack} 39. Kf2) 38... Rxg2+ $1 {[%mdl 576] Deflection. Black mates.} 39. Kxg2 Kxg4 {KP-KP} 40. Kf2 b5 41. Ke2 c5 42. Kd2 d4 43. Kc2 c4 44. Kb2 Kf4 45. Kc2 Ke3 46. Kc1 d3 47. Kd1 c3 48. Kc1 b4 49. Kb1 b3 50. axb3 axb3 51. Kc1 Ke2 52. Kb1 d2 {[%cal Rd2d1]} 53. Ka1 d1=Q# {Accuracy: White = 45%, Black = 55%.} 0-1

[Event "Stay Safe Play From Home 359"]
[Site "Emanuel Lasker Arena"]
[Date "2020.08.05"]
[Round "6"]
[White "Trotsky"]
[Black "Ao017545"]
[Result "0-1"]
[WhiteElo "1577"]
[BlackElo "1568"]
[Annotator "NA RC"]
[PlyCount "66"]
[EventDate "2020.08.05"]
[EventType "swiss (blitz)"]

1. d4 {[%emt 0:00:02]} e5 {[%emt 0:00:01]} 2. e3 {[%emt 0:00:00]} exd4 {[%emt 0:00:01]} 3. exd4 {[%emt 0:00:01]} Nf6 {[%emt 0:00:00]} 4. c4 {[%emt 0:00:01]} d5 {[%emt 0:00:00]} 5. Be3 {[%emt 0:00:01]} dxc4 {[%emt 0:00:02]} 6. Bxc4 {[%emt 0:00:01]} Nc6 {[%emt 0:00:00]} 7. Nc3 {[%emt 0:00:01]} Bb4 {[%emt 0:00:02]} 8. Nf3 {[%emt 0:00:04]} Ne4 {[%emt 0:00:00]} 9. Qc2 {[%emt 0:00:01]} Nxc3 {[%emt 0:00:06]} 10. bxc3 {[%emt 0:00:01]} Bd6 {[%emt 0:00:01]} 11. O-O-O {[%emt 0:00:01]} O-O {[%emt 0:00:01]} 12. Bd3 {[%emt 0:00:01]} g6 {[%emt 0:00:01]} 13. h4 {[%emt 0:00:01]} Ba3+ {[%emt 0:00:01]} 14. Kb1 {[%emt 0:00:02]} Be6 {[%emt 0:00:01]} 15. Ng5 {[%emt 0:00:01]} Qf6 {[%emt 0:00:02]} 16. h5 {[%emt 0:00:01]} Bf5 {[%emt 0:00:04]} 17. hxg6 {[%emt 0:00:01]} Bxd3 {[%emt 0:00:02]} 18. Qxd3 {[%emt 0:00:05]} fxg6 {[%emt 0:00:05]} 19. Rxh7 {[%emt 0:00:02]} Qf5 {[%emt 0:00:01]} 20. Ne4 {[%emt 0:00:05]} Kxh7 {[%emt 0:00:04]} 21. Rh1+ {[%emt 0:00:01]} Kg8 {[%emt 0:00:01]} 22. Qc4+ {[%emt 0:00:02]} Qf7 {[%emt 0:00:01]} 23. d5 {[%emt 0:00:02]} Ne5 {[%emt 0:00:02]} 24. Qb3 {[%emt 0:00:02]} Bd6 {[%emt 0:00:03]} 25. Ng5 {[%emt 0:00:01]} Qg7 {[%emt 0:00:02]} 26. Rh6 {[%emt 0:00:03]} Qxh6 {[%emt 0:00:03]} 27. Ne6 {[%emt 0:00:03]} Qh1+ {[%emt 0:00:01]} 28. Kb2 {[%emt 0:00:01]} Qh7 {[%emt 0:00:02]} 29. Bd4 {[%emt 0:00:01]} Nd3+ {[%emt 0:00:01]} 30. Kc2 {[%emt 0:00:02]} Nc5 {[%emt 0:00:01]} 31. Qc4 {[%emt 0:00:02]} Ne4 {[%emt 0:00:01]} 32. f3 {[%emt 0:00:03]} Qh6 {[%emt 0:00:00]} 33. Kb3 {[%emt 0:00:02]} Qh4 {[%emt 0:00:00] Âðåìÿ Âðåìÿ Âðåìÿ Âðåìÿ Âðåìÿ (Lag: Av=0.58s, max=1.0s) (Lag: Av=0.58s, max=1.0s) (Lag: Av=0.58s, max=1.0s) (Lag: Av=0.58s, max=1.0s) (Lag: Av=0.58s, max=1.0s)} 0-1

[Event "Stay Safe Play From Home 359"]
[Site "Emanuel Lasker Arena"]
[Date "2020.08.05"]
[Round "7"]
[White "Tran Minh Thang"]
[Black "SelamiSahin"]
[Result "1-0"]
[WhiteElo "2472"]
[BlackElo "2162"]
[Annotator "TA"]
[PlyCount "159"]
[EventDate "2020.08.05"]
[EventType "swiss (blitz)"]

{[%evp 15,158,0,0,-18,6,-36,-19,-13,-7,-14,-4,-18,-4,0,0,0,0,0,73,73,73,77,106,99,102,12,107,107,112,112,114,72,72,72,72,72,72,72,72,72,72,72,72,72,72,0,71,0,71,71,71,71,71,71,71,0,71,0,71,71,71,71,71,71,71,71,71,10,10,10,24,24,31,20,31,0,7,7,7,-19,7,-7,7,-8,7,0,7,0,47,47,47,8,47,47,47,47,47,47,47,0,47,47,47,8,112,106,117,120,110,95,29982,29983,29984,29984,29984,29985,29988,29989,29989,29990,29988,29982,29992,29993,29994,29994,29998,29992,29992,29993,29993,29994,29994,29995,29995,29996,29996,29997,29997,29998,29998,29999,29999,29999,29999]} 1. d4 c6 2. Nf3 d5 3. c4 Nf6 4. Qc2 g6 5. g3 Bg7 6. Bg2 O-O 7. O-O Bf5 8. Qb3 Qb6 9. Nc3 {[%cal Rc4d5] A11: English Opening: 1...c6.} Nbd7 10. c5 Qxb3 (10... Qa6 {is more complex.} 11. Bf4 b6 12. cxb6 axb6 13. Rfc1 Rfc8) 11. axb3 {The position is equal.} a6 {[#]} 12. b4 $146 ({Predecessor:} 12. Bf4 h6 13. h3 g5 14. Be3 Rae8 15. Ra4 Rb8 16. Nd2 Bh7 17. f4 gxf4 18. Bxf4 {1-0 (46) Hommes,E (2039)-Sapale,S (2308) Groningen 2017}) 12... Rac8 13. Bf4 Ne4 14. Rfd1 Rfe8 15. Nh4 Nxc3 16. bxc3 {[%cal Bb2c3,Bc3d4][%mdl 32]} e5 (16... Bg4 $11) 17. Nxf5 $16 gxf5 18. Be3 exd4 19. cxd4 Nf6 20. Kf1 (20. Bf3 $16) 20... Rcd8 (20... Ng4 $11) 21. Bg5 h6 22. Bxf6 Bxf6 23. e3 Kg7 24. Bh3 Kg6 25. Ke2 Re7 26. Kf3 Bg5 27. Bg2 Bf6 28. h4 h5 29. Bh3 Bg7 30. Kf4 Bh6+ 31. Kf3 Bg7 32. Bf1 Bh6 33. Bd3 Bg7 34. Rg1 Kf6 35. Kf4 Bh6+ $1 36. Kf3 Bg7 $1 37. Ke2 Bh6 38. Kd2 Bg7 39. Be2 Rh8 40. Rac1 Bf8 41. b5 (41. Bd3 $16) 41... axb5 $11 42. Ra1 Bg7 43. Ra7 Kg6 44. Rga1 Rb8 45. Ra8 Ree8 46. Rxb8 Rxb8 {[%mdl 4096] Endgame KRB-KRB} 47. Ra7 Bf6 (47... f4 $5) 48. Kc3 Be7 49. Kb4 Bd8 50. Bf3 Bc7 51. Be2 f6 52. Ra1 {[%mdl 1024] White has compensation.} Kh6 53. Ra2 Kg6 (53... f4 $5 54. gxf4 (54. exf4 f5 $11) 54... f5 $14) 54. Bd3 Rc8 55. Ra7 Rb8 56. Bc2 Bd8 57. Bd3 Bc7 58. Ra1 Bd8 59. Rg1 Bc7 (59... Ra8 $11) 60. g4 $1 $16 hxg4 61. Rxg4+ Kf7 62. Bxf5 Ke7 $2 {[%mdl 8192] [#] Black cannot hold the game after this.} (62... Ra8 $16) 63. Rg7+ {White mates.} Kd8 64. Rd7+ Ke8 65. Rxc7 {KRB-KR} b6 66. Rh7 bxc5+ 67. Kxc5 b4 68. Rh8+ Kf7 69. Rxb8 Kg7 70. Rxb4 Kh6 71. Bg4 Kg6 72. Rb6 f5 73. Rxc6+ Kf7 74. Bxf5 Ke7 75. h5 Kd8 76. h6 Ke7 77. h7 Kf8 78. h8=Q+ Kf7 79. Qf6+ Ke8 80. Rc8# {Accuracy: White = 82%, Black = 77%.} 1-0

[Event "Stay Safe Play From Home 359"]
[Site "Emanuel Lasker Arena"]
[Date "2020.08.05"]
[Round "7"]
[White "AChessPlayer"]
[Black "Nuktotitakoi"]
[Result "0-1"]
[WhiteElo "2437"]
[BlackElo "2437"]
[Annotator "TA"]
[PlyCount "144"]
[EventDate "2020.08.05"]
[EventType "swiss (blitz)"]

{[%evp 13,144,22,35,35,34,27,29,33,29,27,20,18,59,40,56,45,93,98,109,67,88,80,79,75,70,72,141,140,144,144,151,145,129,143,159,145,177,187,210,0,0,0,0,0,0,-50,-62,-49,52,41,30,42,35,35,27,25,27,18,48,61,38,48,52,15,55,23,86,32,58,30,94,87,225,0,0,0,90,81,1270,1180,29963,0,0,-41,0,-69,-52,-250,-240,-592,-442,-607,-565,-568,-427,-423,-423,-951,-776,-1222,-1216,-1214,-1211,-1142,-1082,-1149,-500,-1063,-1075,-1049,-1018,-1022,-1010,-991,-851,-685,-596,-576,0,0,0,0,0,0,0,0,0,0,0,0,29983,29984,29989]} 1. Nf3 d6 2. g3 Nf6 3. Bg2 g6 4. O-O Bg7 5. d4 O-O 6. a4 Nbd7 7. a5 a6 {7...a6 scores better than 7...c6.} 8. c4 {A49: 1 d4 Nf6 2 Nf3 g6 3 g3: Anti-King's Indian systems.} e5 9. Nc3 exd4 10. Nxd4 {White has an edge.} Re8 11. b3 Nc5 12. Bb2 {[#]} Ng4 $146 {Black wants to play ...Bxd4.} ({Predecessor:} 12... h5 13. b4 Ncd7 14. Qc2 {½-½ (14) Garcia Ilundain,D (2510)-Todorcevic,M (2458) Las Palmas 1999}) 13. h3 Nf6 14. Qc2 Nh5 15. Rad1 Bd7 16. e3 Rb8 17. b4 Ne6 18. Nxe6 Bxe6 19. Nd5 c6 (19... Bxb2 $142 20. Qxb2 Bxd5 21. cxd5 (21. Rxd5 Qe7 $14) (21. Bxd5 Qe7 $14) 21... f5) 20. Bxg7 $16 Nxg7 21. Nb6 Qc7 22. Rd2 Rbd8 23. Rfd1 h5 24. Qc3 Nf5 25. Qf6 Ng7 26. g4 $2 (26. e4 $18) 26... hxg4 $11 27. hxg4 Bxg4 28. f3 Be6 29. Kf2 Nh5 30. Qg5 Qe7 ({Better is} 30... Kh7 $15) 31. Qxe7 $14 Rxe7 32. Rxd6 Rxd6 33. Rxd6 Kg7 34. f4 Nf6 35. Bf3 Bg4 36. Rxf6 {[#] aiming for Rd6.} Bxf3 {[%mdl 4096] Endgame KRB-KRN} 37. Rd6 Bg4 38. Kg3 Be6 39. Kf3 Bf5 (39... Re8 $11 {keeps the balance.}) 40. Rd4 (40. Rd8 $16) 40... Be6 41. e4 f6 (41... Re8 $11) 42. Na4 $16 g5 (42... Kg8 $16) 43. fxg5 $2 (43. f5 $18 Bg8 44. Nc5) 43... fxg5 $11 44. Nc5 g4+ (44... Kf6 $11 {remains equal.}) 45. Kg3 $16 Kf6 $2 {[%mdl 8192]} (45... Bc8 $16) 46. Rd6 $18 Ke5 47. Rd1 $2 (47. Rxe6+ {mates} Rxe6 48. Nxe6 Kxe6 49. Kxg4 Ke5 50. Kf3 Kd4 51. Kf4 c5 52. bxc5 Kxc5 53. e5) 47... Bxc4 $11 48. Rc1 Be2 (48... Be6 $5) 49. Rh1 (49. Kf2 $11 Bf3 50. Ke3) 49... Bf3 50. Rh5+ $2 (50. Rb1 $15) 50... Kd4 $19 51. Nb3+ $2 (51. Rh8 {is a better chance.}) 51... Kc4 52. Nd2+ Kxb4 53. e5 Re6 54. Nxf3 gxf3 {KR-KR} 55. Kf4 (55. Kxf3 $142 Kxa5 56. Ke4) 55... Kxa5 56. Kf5 f2 57. Rh1 Re8 58. Rf1 Rf8+ 59. Ke6 Kb5 (59... Rf3 $142 60. Kd6 Rd3+ 61. Kc7 c5 62. Rxf2 Re3) 60. Ke7 (60. Kd7 $142 Rf7+ 61. Kd8) 60... Rf3 61. e6 a5 {[%cal Ba6a5,Ba5a4][%mdl 32]} 62. Kd7 a4 63. e7 Rd3+ 64. Kc7 Re3 65. Kd7 Rxe7+ $2 ({Black should try} 65... a3 $19 66. Rxf2 c5) 66. Kxe7 $11 Kb4 67. Rxf2 {KR-K3P} b5 68. Kd6 c5 69. Kd5 c4 {Strongly threatening ...c3.} 70. Kd4 {Rb2+ would kill now.} Ka3 71. Rf3+ Ka2 $2 {[%mdl 8192] [#]} (71... Kb4 $11) 72. Kc3 b4+ {[%mdl 32768] Accuracy: White = 57%, Black = 53%. . Loss on time!?} 0-1

[Event "Stay Safe Play From Home 359"]
[Site "Emanuel Lasker Arena"]
[Date "2020.08.05"]
[Round "7"]
[White "Uber_WING"]
[Black "Gokerkan"]
[Result "0-1"]
[WhiteElo "2338"]
[BlackElo "2592"]
[Annotator "TA"]
[PlyCount "68"]
[EventDate "2020.08.05"]
[EventType "swiss (blitz)"]

{[%evp 13,68,14,49,47,50,55,107,111,106,102,133,91,86,58,66,68,66,43,31,22,3,-234,189,-196,143,71,125,0,0,-150,-143,-519,-510,-500,-476,-463,-197,-170,-75,-121,-79,-239,-96,-313,-273,-251,-72,-76,-53,-29990,-29991,-29996,-29997,-29998,-29997,-29998,-29997]} 1. e4 g6 2. Nc3 c5 3. g3 Bg7 4. Bg2 Nc6 5. d3 e6 6. Be3 b6 7. Qd2 Nge7 8. Bh6 {B24: Closed Sicilian: 3 g3 sidelines.} Bxh6 9. Qxh6 {[#]} a6 $146 (9... Nd4 $14) ({Predecessor:} 9... Nd4 10. Qd2 Bb7 11. Nge2 Nxe2 12. Nxe2 Rb8 13. Qc3 Rg8 14. O-O d5 15. f4 f5 16. exf5 exf5 {0-1 (31) Plum,P (1630)-Ellert,S (1764) Playchess.com INT 2020}) 10. Qg7 $16 {White is better.} Rg8 11. Qxh7 Bb7 12. h4 Qc7 13. h5 O-O-O 14. hxg6 Nxg6 15. Qxf7 Nge5 16. Qh5 Rdf8 $1 17. Nce2 $2 (17. Nge2 $11 {and White stays safe.}) 17... Nd4 $4 {[%mdl 8192]} (17... Nb4 $19 18. f4 Nxc2+ {[%mdl 64] Double Attack} 19. Kd2 Nxa1 20. Qxe5 Qxe5 21. fxe5 Rf2) 18. Rc1 $4 {[%mdl 8192] [#]} (18. Nxd4 $18 {is the narrow road to win.} cxd4 19. Qe2) 18... Kb8 $2 (18... Nxc2+ $1 $19 {[%mdl 512]} 19. Rxc2 Nxd3+ {[%mdl 64] Double Attack} 20. Kd1 Rxf2) 19. f4 ({White should try} 19. Nxd4 cxd4 20. Ne2) 19... Nec6 (19... Nf7 $142) 20. Nxd4 (20. c3 $16 Nxe2 21. Nxe2) 20... Nxd4 $11 21. Rh3 {[#]} (21. Qh2 $11) 21... Rxg3 $1 $17 {[%mdl 576] Remove Defender, Decoy} 22. Rxg3 $4 {[%mdl 8192]} (22. Qh6 $17 Rgg8 23. c3 Rxf4 24. cxd4 Rxg2 25. Nf3) 22... Qxf4 $19 {[%mdl 64] ( -> ...Qf2+). Double Attack} 23. Ne2 Nxe2 24. Kxe2 Qxg3 $40 {[%mdl 128] White is in trouble.} (24... Qf2+ $142 25. Kd1 Qxg3) 25. Bf3 {[#]} d5 (25... c4 $1 $19 {[%mdl 512] And now ...d5! would win.} 26. Rf1 (26. dxc4 Bxe4) 26... cxd3+ 27. cxd3 Ka7) 26. Rf1 dxe4 27. dxe4 $2 {[#]} (27. Bxe4 $17 {only move.} Rxf1 28. Kxf1) 27... Ka7 (27... a5 $1 $19 {and Black stays clearly on top. White must now prevent ...Ba6+.} 28. b3 Qg7 29. Qh2+ Ka7) 28. Qh1 $2 (28. Qg4 $17 {was called for.} Qh2+ 29. Qg2) 28... Qe5 {Strongly threatening ...Rh8.} 29. c3 Rf4 $2 (29... Rh8 $19 30. Qg1 a5) 30. Bg2 $17 Bxe4 31. Rf3 $2 {[%mdl 8192]} (31. Bxe4 $15 Rxe4+ 32. Kd1) 31... Bxf3+ {Black mates.} 32. Kf2 Bxg2+ 33. Kxg2 Qe2+ 34. Kg3 Qe3+ {Accuracy: White = 21%, Black = 38%.} 0-1